Handbook of denominations in the United States. (Record no. 17577)

000 -LEADER
fixed length control field 00764nam a2200217 a 4500
001 - CONTROL NUMBER
control field :::00000562$00000564&:&@@
003 - CONTROL NUMBER IDENTIFIER
control field OkBaRHE
005 - DATE AND TIME OF LATEST TRANSACTION
control field 20100331115030.0
008 - FIXED-LENGTH DATA ELEMENTS--GENERAL INFORMATION
fixed length control field s1965 j 000 0 eng u
040 ## - CATALOGING SOURCE
Transcribing agency
100 1# - MAIN ENTRY--PERSONAL NAME
Personal name Mead, Frank Spencer, 1898-
9 (RLIN) 238
245 10 - TITLE STATEMENT
Title Handbook of denominations in the United States.
250 ## - EDITION STATEMENT
Edition statement New 4th ed.
260 ## - PUBLICATION, DISTRIBUTION, ETC. (IMPRINT)
Place of publication, distribution, etc New York, NY., :
Name of publisher, distributor, etc Abingdon Press
Date of publication, distribution, etc 1965
300 ## - PHYSICAL DESCRIPTION
Extent 271 p. ;
Dimensions 24 cm.
500 ## - GENERAL NOTE
General note Bibliography: p. 246-256.
650 ## - SUBJECT ADDED ENTRY--TOPICAL TERM
Topical term or geographic name as entry element Sects
General subdivision United States
9 (RLIN) 240
942 ## - ADDED ENTRY ELEMENTS (KOHA)
Source of classification or shelving scheme
Koha item type Books
Copies
Source of classification or shelving scheme Date last seen Permanent Location Serial Enumeration / chronology Koha item type Not for loan Copy number Price effective from Shelving location Lost status Current Location Barcode Withdrawn status Damaged status
 2012-02-29RHEMA Bible Training CollegeBR 516 .5 .M38CDs 22010-04-14General Stacks RHEMA Bible Training College564  
 2010-04-14RHEMA Bible Training CollegeBR 516 .5 .M38CDs 12010-04-14General Stacks RHEMA Bible Training College562